| Tag |
First Indicator |
Second Indicator |
Subfields |
| LEADER |
00000cam a2200000 a 4500 |
| 001 |
in00002453708 |
| 005 |
20211202190424.0 |
| 006 |
m d f |
| 007 |
cr bn||||||||| |
| 008 |
081219s2008 dcua ob f000 0 eng c |
| 035 |
|
|
|a (OCoLC)ocn288989832
|
| 040 |
|
|
|a GPO
|c GPO
|d UBY
|d OCLCQ
|d GPO
|d MvI
|d UtOrBLW
|
| 042 |
|
|
|a pcc
|
| 043 |
|
|
|a n-us---
|
| 049 |
|
|
|a WWW
|
| 050 |
1 |
4 |
|a KF26.5
|b .A3 2008d
|
| 074 |
|
|
|a 1009-D-01 (online)
|
| 086 |
0 |
|
|a Y 4.AG 4:S.HRG.110-624
|
| 088 |
|
|
|a Serial no. 110-24 (United States. Congress. Senate. Special Committee on Aging)
|
| 110 |
1 |
|
|a United States.
|b Congress.
|b Senate.
|b Special Committee on Aging.
|
| 245 |
1 |
0 |
|a Under the influence :
|b can we provide doctors an alternative to biased drug reviews? : hearing before the Special Committee on Aging, United States Senate, One Hundred Tenth Congress, second session, Washington, DC, March 12, 2008.
|
| 264 |
|
1 |
|a Washington :
|b U.S. G.P.O.,
|c 2008.
|
| 300 |
|
|
|a iii, 62 pages :
|b digital, PDF file.
|
| 336 |
|
|
|a text
|b txt
|2 rdacontent
|
| 337 |
|
|
|a computer
|b c
|2 rdamedia
|
| 338 |
|
|
|a online resource
|b cr
|2 rdacarrier
|
| 490 |
1 |
|
|a S. hrg. ;
|v 110-624
|
| 538 |
|
|
|a Mode of Access: Internet from the GPO Access web site.Address as of 12/19/08: http://frwebgate.access.gpo.gov/cgi-bin/getdoc.cgi?dbname=110%5Fsenate%5Fhearings&docid=f:45474.pdf ; current access is available via PURL.
|
| 500 |
|
|
|a Title from title screen (viewed on Dec. 19, 2008).
|
| 504 |
|
|
|a Includes bibliographical references.
|
| 500 |
|
|
|a "Serial number 110-24."
|
| 500 |
|
|
|a Electronic resource.
|
| 650 |
|
0 |
|a Evidence-based medicine
|z United States.
|
| 650 |
|
0 |
|a Drugs
|x Prescribing
|z United States.
|
| 650 |
|
0 |
|a Drugs
|z United States
|x Marketing.
|
| 650 |
|
0 |
|a Pharmaceutical industry
|x Employees
|x Corrupt practices
|z United States.
|
| 650 |
|
0 |
|a Manufacturers' agents
|x Corrupt practices
|z United States.
|
| 650 |
|
0 |
|a Physicians
|x Professional ethics
|z United States.
|
| 650 |
|
0 |
|a Conflict of interests
|z United States.
|
| 776 |
0 |
8 |
|i Print version:
|a United States. Congress. Senate. Special Committee on Aging.
|t Under the influence : can we provide doctors an alternative to biased drug reviews
|h iii, 62 p.
|w (OCoLC)281598802
|
| 776 |
0 |
8 |
|i Microfiche:
|a United States. Congress. Senate. Special Committee on Aging.
|t Under the influence : can we provide doctors an alternative to biased drug reviews
|h iii, 62 p.
|w (OCoLC)423372761
|
| 810 |
1 |
|
|a United States.
|b Congress.
|b Senate.
|t S. hrg. ;
|v 110-624.
|
| 856 |
4 |
0 |
|u https://purl.fdlp.gov/GPO/LPS106699
|t 0
|
| 999 |
|
|
|a MARS
|
| 999 |
f |
f |
|s 477cb026-d927-3bd2-939d-978f3dc19d90
|i f3a11b0f-6e1b-3bd0-93a1-5ade005fb88c
|t 0
|
| 952 |
f |
f |
|a Texas A&M University
|b College Station
|c Electronic Resources
|d Available Online
|t 0
|e Y 4.AG 4:S.HRG.110-624
|h Superintendent of Documents classification
|
| 998 |
f |
f |
|a Y 4.AG 4:S.HRG.110-624
|t 0
|l Available Online
|